| 000 | 005420000a22001810004500 | ||
|---|---|---|---|
| 003 | MACL | ||
| 005 | 20160522103420.0 | ||
| 008 | 160522b xxu||||| |||| 00| 0 eng d | ||
| 040 |
_aMACL _cMACL |
||
| 041 | _aHindi | ||
| 082 | _a891.433 NUP | ||
| 100 |
_aइन्दिरा _958627 |
||
| 245 |
_aयादों के चिनार _cइन्दिरा |
||
| 260 |
_bअनुराग प्रकाशन _c1993 _aनई दिल्ली |
||
| 350 | _a70 | ||
| 650 |
_aStories _958628 |
||
| 942 |
_cHIN _k891.433/NUP/S _2ddc |
||
| 999 |
_c19679 _d19679 |
||